[Event "MCR_SF_03"]
[Site "?"]
[Date "2005.??.??"]
[Round "?"]
[White "Dedina, Miroslav"]
[Black "Styblo, Pavel"]
[Result "0-1"]
[WhiteElo "2308"]
[BlackElo "2305"]
[PlyCount "20"]
[EventDate "2005.??.??"]
[EventType "corr"]
[EventRounds "2"]
[SourceDate "2005.10.20"]

1. e4 e5 2. Nf3 Nc6 3. d4 exd4 4. Nxd4 Bc5 5. Be3 Qf6 6. c3 Nge7 7. Bc4 Ne5 8.
Be2 Qg6 9. O-O d6 10. Kh1 O-O 0-1

[Event "MCR_SF_03"]
[Site "?"]
[Date "2005.??.??"]
[Round "?"]
[White "Styblo, Pavel"]
[Black "Kuchta, Jiri"]
[Result "1/2-1/2"]
[WhiteElo "2305"]
[BlackElo "2284"]
[PlyCount "62"]
[EventDate "2005.??.??"]
[EventType "corr"]
[EventRounds "2"]
[SourceDate "2005.10.20"]

1. e4 c6 2. d4 d5 3. e5 Bf5 4. Be3 e6 5. Nd2 Ne7 6. Nb3 Nd7 7. Nf3 Be4 8. Nbd2
Bg6 9. Nh4 Nf5 10. Nxf5 Bxf5 11. h4 h5 12. Be2 Qb6 13. Nb3 Qc7 14. c3 Bg6 15.
Nd2 f6 16. f4 Be7 17. Rh3 Nf8 18. Nf3 Bf5 19. Rg3 Bg4 20. Qc2 f5 21. O-O-O
O-O-O 22. Rh1 Kb8 23. c4 Rd7 24. Kb1 Qd8 25. c5 Ng6 26. Ng5 Bxg5 27. hxg5 Ne7
28. Bc1 Bxe2 29. Qxe2 g6 30. Bd2 Nc8 31. b4 a6 1/2-1/2

[Event "MCR_SF_03"]
[Site "?"]
[Date "2005.??.??"]
[Round "?"]
[White "Kuchta, Jiri"]
[Black "Styblo, Pavel"]
[Result "0-1"]
[WhiteElo "2284"]
[BlackElo "2305"]
[PlyCount "64"]
[EventDate "2005.??.??"]
[EventType "corr"]
[EventRounds "2"]
[SourceDate "2005.10.20"]

1. d4 Nf6 2. c4 g6 3. Nc3 Bg7 4. e4 d6 5. Be2 O-O 6. Nf3 e5 7. O-O Nbd7 8. dxe5
dxe5 9. Qc2 c6 10. Rb1 Nh5 11. Rd1 Nf4 12. Bf1 Ne6 13. Be3 c5 14. Nd5 f5 15.
Bd2 Nf6 16. exf5 gxf5 17. Qc1 Nxd5 18. cxd5 Nd4 19. Qxc5 Nxf3+ 20. gxf3 b6 21.
Qc6 Bd7 22. Qb7 Rf7 23. Qa6 Qh4 24. Kh1 f4 25. Bg2 Rf5 26. Qf1 Rh5 27. Qg1 Rg5
28. Rbc1 Bh3 29. Bc3 Bxg2+ 30. Qxg2 Rxg2 31. Kxg2 Qh5 32. d6 Kf7 0-1

[Event "MCR_SF_03"]
[Site "?"]
[Date "2005.??.??"]
[Round "?"]
[White "Leiner, Raimund"]
[Black "Styblo, Pavel"]
[Result "1/2-1/2"]
[WhiteElo "2312"]
[BlackElo "2305"]
[PlyCount "49"]
[EventDate "2005.??.??"]
[EventType "corr"]
[EventRounds "2"]
[SourceDate "2005.10.20"]

1. e4 e5 2. Nf3 Nc6 3. d4 exd4 4. Nxd4 Bc5 5. Be3 Qf6 6. c3 Nge7 7. g3 d5 8.
Bg2 Bxd4 9. cxd4 dxe4 10. Nc3 Bf5 11. d5 O-O-O 12. Qb3 Nd4 13. Qa4 c5 14. Rc1
Kb8 15. Qc4 Qb6 16. O-O Qb4 17. Nxe4 Qxc4 18. Rxc4 Bxe4 19. Bxe4 Nxd5 20. Rxc5
Nxe3 21. fxe3 Ne6 22. Rh5 g6 23. Re5 Rd7 24. Bd5 Rc8 25. b4 1/2-1/2

[Event "MCR_SF_03"]
[Site "?"]
[Date "2005.??.??"]
[Round "?"]
[White "Styblo, Pavel"]
[Black "Leiner, Raimund"]
[Result "1/2-1/2"]
[WhiteElo "2305"]
[BlackElo "2312"]
[PlyCount "46"]
[EventDate "2005.??.??"]
[EventType "corr"]
[EventRounds "2"]
[SourceDate "2005.10.20"]

1. e4 c5 2. Nf3 Nc6 3. d4 cxd4 4. Nxd4 Nf6 5. Nc3 e5 6. Ndb5 d6 7. Bg5 a6 8.
Na3 b5 9. Bxf6 gxf6 10. Nd5 Bg7 11. Bd3 Ne7 12. Nxe7 Qxe7 13. c3 f5 14. Nc2 Bb7
15. exf5 d5 16. O-O O-O 17. Re1 Qg5 18. Qc1 Qf6 19. a4 bxa4 20. Rxa4 e4 21. Be2
Qxf5 22. Nd4 Qg6 23. Qe3 Kh8 1/2-1/2

[Event "MCR_SF_03"]
[Site "?"]
[Date "2005.??.??"]
[Round "?"]
[White "Batka, Josef"]
[Black "Kuchta, Jiri"]
[Result "1/2-1/2"]
[WhiteElo "2251"]
[BlackElo "2284"]
[PlyCount "56"]
[EventDate "2005.??.??"]
[EventType "corr"]
[EventRounds "2"]
[SourceDate "2005.10.20"]

1. e4 c6 2. c4 d5 3. exd5 Nf6 4. Nc3 cxd5 5. cxd5 Nxd5 6. Nf3 e6 7. Bc4 Bd6 8.
O-O O-O 9. d4 Nxc3 10. bxc3 Qc7 11. Qd3 Nd7 12. Bb3 b6 13. Bc2 g6 14. Bh6 Re8
15. h3 Bb7 16. Rfe1 Rac8 17. Ba4 a6 18. Bd2 Red8 19. Bxd7 Qxd7 20. Ne5 Bxe5 21.
Rxe5 f6 22. Re2 e5 23. Qg3 exd4 24. Rae1 Qd5 25. cxd4 Qxd4 26. Re7 Bxg2 27.
Rxh7 g5 28. Qb3+ Kxh7 1/2-1/2

[Event "MCR_SF_03"]
[Site "?"]
[Date "2005.??.??"]
[Round "?"]
[White "Kuchta, Jiri"]
[Black "Batka, Josef"]
[Result "1/2-1/2"]
[WhiteElo "2284"]
[BlackElo "2251"]
[PlyCount "57"]
[EventDate "2005.??.??"]
[EventType "corr"]
[EventRounds "2"]
[SourceDate "2005.10.20"]

1. d4 Nf6 2. c4 c5 3. d5 e6 4. Nc3 exd5 5. cxd5 d6 6. e4 g6 7. Bb5+ Nbd7 8. Nf3
Bg7 9. O-O O-O 10. Bf4 a6 11. Bd3 Qc7 12. a4 Re8 13. Qc2 b6 14. Rab1 Bb7 15.
Rfc1 Rac8 16. Be2 h6 17. Nd2 Ne5 18. Bg3 Nh7 19. b4 cxb4 20. Rxb4 Nd7 21. Qb1
Qd8 22. Nc4 Bxc3 23. Rxc3 Bxd5 24. Re3 Bxc4 25. Rxc4 Rxc4 26. Bxc4 Nc5 27. Re1
Nf6 28. f3 d5 29. exd5 1/2-1/2

[Event "MCR_SF_03"]
[Site "?"]
[Date "2005.??.??"]
[Round "?"]
[White "Nedoma, Petr"]
[Black "Leiner, Raimund"]
[Result "1/2-1/2"]
[WhiteElo "2284"]
[BlackElo "2312"]
[PlyCount "44"]
[EventDate "2005.??.??"]
[EventType "corr"]
[EventRounds "2"]
[SourceDate "2005.10.20"]

1. d4 Nf6 2. Bg5 Ne4 3. Bf4 d5 4. e3 c5 5. Nd2 Qb6 6. Nxe4 dxe4 7. dxc5 Qb4+ 8.
Qd2 Qxb2 9. Qd4 Qxd4 10. exd4 Nc6 11. Bb5 Bd7 12. Ne2 f6 13. Rb1 e5 14. dxe5
Bxc5 15. exf6 gxf6 16. O-O O-O-O 17. Ng3 Rhe8 18. Rfd1 Re7 19. Bc4 Be6 20.
Bxe6+ Rxe6 21. Rxd8+ Nxd8 22. c4 Nc6 1/2-1/2

[Event "MCR_SF_03"]
[Site "?"]
[Date "2005.??.??"]
[Round "?"]
[White "Leiner, Raimund"]
[Black "Nedoma, Petr"]
[Result "1/2-1/2"]
[WhiteElo "2312"]
[BlackElo "2284"]
[PlyCount "37"]
[EventDate "2005.??.??"]
[EventType "corr"]
[EventRounds "2"]
[SourceDate "2005.10.20"]

1. d4 Nf6 2. Nf3 d5 3. c4 e6 4. Nc3 c6 5. e3 Nbd7 6. Bd3 dxc4 7. Bxc4 Bd6 8.
O-O O-O 9. Qc2 e5 10. a4 exd4 11. Nxd4 Qc7 12. h3 Ne5 13. Be2 Re8 14. Rd1 a6
15. e4 Ng6 16. Bg5 Be5 17. a5 Nf4 18. Bf1 Bxd4 19. Rxd4 1/2-1/2

[Event "MCR_SF_03"]
[Site "?"]
[Date "2005.??.??"]
[Round "?"]
[White "Nedoma, Petr"]
[Black "Styblo, Pavel"]
[Result "1-0"]
[WhiteElo "2284"]
[BlackElo "2305"]
[PlyCount "53"]
[EventDate "2005.??.??"]
[EventType "corr"]
[EventRounds "2"]
[SourceDate "2005.10.20"]

1. e4 e5 2. f4 exf4 3. Bc4 Nf6 4. Nc3 c6 5. d4 Bb4 6. e5 Ne4 7. Qh5 d5 8. exd6
O-O 9. Nge2 Nd7 10. Bxf4 Ndf6 11. Qh4 Nxd6 12. Bxd6 Bxd6 13. O-O Be7 14. Ne4
Nd5 15. Qg3 Be6 16. Rad1 Qd7 17. N2c3 Rad8 18. Nc5 Bxc5 19. dxc5 Qc7 20. Nxd5
Qxg3 21. Ne7+ Kh8 22. hxg3 Bxc4 23. Rxd8 Rxd8 24. Rf4 Be6 25. Rb4 b6 26. Nxc6
bxc5 27. Nxd8 1-0

[Event "MCR_SF_03"]
[Site "?"]
[Date "2005.??.??"]
[Round "?"]
[White "Hladecek, Miloslav"]
[Black "Leiner, Raimund"]
[Result "1-0"]
[WhiteElo "2306"]
[BlackElo "2312"]
[PlyCount "45"]
[EventDate "2005.??.??"]
[EventType "corr"]
[EventRounds "2"]
[SourceDate "2005.10.20"]

1. e4 c5 2. Nf3 Nc6 3. Bc4 d6 4. d4 cxd4 5. Nxd4 Nf6 6. Nc3 e6 7. O-O Be7 8.
Qd3 O-O 9. Nxc6 bxc6 10. Qg3 Nd7 11. Be3 d5 12. Be2 f5 13. exd5 exd5 14. Bd3
Nc5 15. Ne2 Bd6 16. Bf4 Bxf4 17. Qxf4 Ne6 18. Qa4 Qb6 19. Nf4 Nxf4 20. Qxf4
Qxb2 21. Rab1 Qf6 22. Rfe1 Ba6 23. Bxa6 1-0

[Event "MCR_SF_03"]
[Site "?"]
[Date "2005.??.??"]
[Round "?"]
[White "Nedoma, Petr"]
[Black "Kuchta, Jiri"]
[Result "1-0"]
[WhiteElo "2284"]
[BlackElo "2284"]
[PlyCount "79"]
[EventDate "2005.??.??"]
[EventType "corr"]
[EventRounds "2"]
[SourceDate "2005.10.20"]

1. d4 d5 2. c4 c6 3. Nc3 e6 4. Nf3 Nf6 5. e3 Bd6 6. Bd3 O-O 7. e4 dxe4 8. Nxe4
Nxe4 9. Bxe4 Nd7 10. O-O Nf6 11. Bc2 h6 12. Qd3 Qa5 13. Bd2 Qc7 14. c5 Bf4 15.
Bxf4 Qxf4 16. Ne5 Rd8 17. Rad1 Rb8 18. Rfe1 Ra8 19. Re3 h5 20. Nxf7 Kxf7 21.
Qg6+ Kg8 22. Rg3 Rd7 23. Rf3 Qg4 24. Rxf6 Qxg6 25. Rxg6 Kf7 26. Rg3 h4 27. Rg4
e5 28. Bb3+ Kf8 29. Rxh4 Rxd4 30. Rhxd4 exd4 31. Rxd4 g5 32. Rd8+ Ke7 33. Rg8
Kf6 34. g4 b5 35. h4 gxh4 36. g5+ Kf5 37. Bc2+ Ke6 38. g6 Bb7 39. Rg7 Rf8 40.
Rxb7 1-0

[Event "MCR_SF_03"]
[Site "?"]
[Date "2005.??.??"]
[Round "?"]
[White "Styblo, Pavel"]
[Black "Hladecek, Miloslav"]
[Result "1/2-1/2"]
[WhiteElo "2305"]
[BlackElo "2306"]
[PlyCount "48"]
[EventDate "2005.??.??"]
[EventType "corr"]
[EventRounds "2"]
[SourceDate "2005.10.20"]

1. e4 e6 2. d4 d5 3. e5 c5 4. c3 Nc6 5. Nf3 Qb6 6. a3 Nge7 7. dxc5 Qc7 8. Be3
Bd7 9. Bd4 Ng6 10. Qe2 Na5 11. Nbd2 Bxc5 12. Qe3 Bxd4 13. cxd4 Rc8 14. Be2 Qc2
15. Rb1 Nc4 16. Bxc4 Rxc4 17. O-O Rc8 18. Rfe1 O-O 19. Nf1 Bb5 20. Ng3 Qd3 21.
Rbc1 h6 22. b3 Qxe3 23. fxe3 Bd3 24. Red1 Bc2 1/2-1/2

[Event "MCR_SF_03"]
[Site "?"]
[Date "2005.??.??"]
[Round "?"]
[White "Nedoma, Petr"]
[Black "Hladecek, Miloslav"]
[Result "1-0"]
[WhiteElo "2284"]
[BlackElo "2306"]
[PlyCount "55"]
[EventDate "2005.??.??"]
[EventType "corr"]
[EventRounds "2"]
[SourceDate "2005.10.20"]

1. d4 Nf6 2. Bg5 c6 3. Nc3 d5 4. Qd3 Qa5 5. a3 Nbd7 6. b4 Qc7 7. Nf3 b5 8. e4
dxe4 9. Nxe4 a5 10. bxa5 Rxa5 11. Be2 Nxe4 12. Qxe4 Nf6 13. Qe5 Qa7 14. O-O b4
15. d5 bxa3 16. c4 cxd5 17. Bd2 Rc5 18. Bb4 Nd7 19. Qg3 e6 20. Bxc5 Qxc5 21.
cxd5 Qxd5 22. Rfd1 Qa5 23. Rac1 Bb7 24. Qf4 f6 25. Nd4 Qg5 26. Qxg5 fxg5 27.
Nxe6 Ke7 28. Nxg5 1-0

[Event "MCR_SF_03"]
[Site "?"]
[Date "2005.??.??"]
[Round "?"]
[White "Styblo, Pavel"]
[Black "Nedoma, Petr"]
[Result "0-1"]
[WhiteElo "2305"]
[BlackElo "2284"]
[PlyCount "74"]
[EventDate "2005.??.??"]
[EventType "corr"]
[EventRounds "2"]
[SourceDate "2005.10.20"]

1. e4 c6 2. d4 d5 3. e5 Bf5 4. Be3 Qb6 5. Qc1 f6 6. Nf3 e6 7. c4 Nd7 8. exf6
Ngxf6 9. c5 Qd8 10. b4 Be7 11. Be2 O-O 12. Nc3 a5 13. b5 Ng4 14. h3 Nxe3 15.
Qxe3 e5 16. Nxe5 Bg5 17. f4 Nxe5 18. O-O-O Nd3+ 19. Bxd3 Bxf4 20. Qxf4 Bxd3 21.
Qg4 Bc4 22. b6 Rf2 23. Rhe1 Qf6 24. Re6 Rxg2 25. Rxf6 Rxg4 26. hxg4 gxf6 27.
Kd2 Re8 28. Rh1 Kh8 29. a3 Rg8 30. Rh4 f5 31. gxf5 Rg2+ 32. Ke3 Rg3+ 33. Kd2
Rd3+ 34. Kc2 Rf3 35. Kd2 Kg7 36. Nd1 Rxa3 37. f6+ Kxf6 0-1

[Event "MCR_SF_03"]
[Site "?"]
[Date "2005.??.??"]
[Round "?"]
[White "Kuchta, Jiri"]
[Black "Nedoma, Petr"]
[Result "1/2-1/2"]
[WhiteElo "2284"]
[BlackElo "2284"]
[PlyCount "81"]
[EventDate "2005.??.??"]
[EventType "corr"]
[EventRounds "2"]
[SourceDate "2005.10.20"]

1. d4 Nf6 2. c4 e6 3. Nc3 Bb4 4. Qc2 c5 5. a3 Bxc3+ 6. bxc3 d6 7. Nf3 O-O 8.
Bg5 Re8 9. e4 cxd4 10. cxd4 e5 11. dxe5 dxe5 12. Be2 Nbd7 13. O-O Nc5 14. Nd2
Bd7 15. a4 Bc6 16. f3 Qd4+ 17. Kh1 Nh5 18. Nb3 Nxb3 19. Qxb3 Nf4 20. Rfd1 Qc5
21. Bf1 Ne6 22. Be3 Nd4 23. Qb2 Rad8 24. a5 Rd7 25. Rd2 Red8 26. Qa3 Qxa3 27.
Rxa3 g6 28. Rad3 Kg7 29. Kg1 f6 30. Kf2 Kf7 31. Bxd4 exd4 32. c5 Ke6 33. Rb3 h5
34. g3 g5 35. h4 Ke5 36. Bd3 Rg7 37. Rb4 gxh4 38. gxh4 Rdg8 39. Bf1 Rd8 40. Bh3
Rc7 41. Bf5 1/2-1/2

[Event "MCR_SF_03"]
[Site "?"]
[Date "2005.??.??"]
[Round "?"]
[White "Kuchta, Jiri"]
[Black "Leiner, Raimund"]
[Result "1/2-1/2"]
[WhiteElo "2284"]
[BlackElo "2312"]
[PlyCount "68"]
[EventDate "2005.??.??"]
[EventType "corr"]
[EventRounds "2"]
[SourceDate "2005.10.20"]

1. d4 Nf6 2. c4 e6 3. Nc3 d5 4. cxd5 exd5 5. Bg5 Be7 6. e3 c6 7. Bd3 h6 8. Bxf6
Bxf6 9. Nf3 O-O 10. O-O Be7 11. Qc2 Re8 12. Rfe1 Nd7 13. e4 dxe4 14. Nxe4 Nb6
15. Nc5 Nd5 16. Bh7+ Kf8 17. Be4 Nf6 18. Bd3 Bg4 19. Ne5 Qxd4 20. Qb3 Bh5 21.
Bg6 Qd5 22. Ned7+ Kg8 23. Nxf6+ gxf6 24. Rxe7 Bxg6 25. Qxd5 cxd5 26. Rxb7 Re2
27. h3 Rc2 28. b4 a5 29. Nb3 axb4 30. Rxb4 Raxa2 31. Rxa2 Rxa2 32. Rd4 Bc2 33.
Nd2 Ra5 34. Nf1 Bf5 1/2-1/2

[Event "MCR_SF_03"]
[Site "?"]
[Date "2005.??.??"]
[Round "?"]
[White "Hladecek, Miloslav"]
[Black "Styblo, Pavel"]
[Result "1/2-1/2"]
[WhiteElo "2306"]
[BlackElo "2305"]
[PlyCount "79"]
[EventDate "2005.??.??"]
[EventType "corr"]
[EventRounds "2"]
[SourceDate "2005.10.20"]

1. e4 e5 2. Nf3 Nc6 3. Bc4 Nf6 4. Ng5 d5 5. exd5 Na5 6. Bb5+ c6 7. dxc6 bxc6 8.
Be2 h6 9. Nf3 e4 10. Ne5 Bc5 11. O-O Qd4 12. Ng4 Nxg4 13. Bxg4 Bxg4 14. Qxg4
O-O 15. Nc3 Rae8 16. b3 f5 17. Qg6 Rf7 18. a3 Be7 19. b4 Nc4 20. Qxc6 Rd8 21.
Rb1 Rf6 22. Qa4 Qe5 23. Qxa7 Nxd2 24. Bxd2 Rxd2 25. Rfd1 Rxd1+ 26. Nxd1 Bd6 27.
g3 f4 28. c4 Kh7 29. Qa5 Qe8 30. Qd5 e3 31. fxe3 fxg3 32. h3 Be5 33. Qe4+ Kh8
34. Nc3 g2 35. Rd1 Qf8 36. Qxg2 Bxc3 37. Rf1 Qc8 38. Qg4 Qa8 39. Rxf6 gxf6 40.
Qh4 1/2-1/2

[Event "MCR_SF_03"]
[Site "?"]
[Date "2005.??.??"]
[Round "?"]
[White "Hladecek, Miloslav"]
[Black "Nedoma, Petr"]
[Result "1/2-1/2"]
[WhiteElo "2306"]
[BlackElo "2284"]
[PlyCount "64"]
[EventDate "2005.??.??"]
[EventType "corr"]
[EventRounds "2"]
[SourceDate "2005.10.20"]

1. e4 c6 2. d4 d5 3. e5 Bf5 4. Nf3 e6 5. Nbd2 Nd7 6. Be2 Ne7 7. O-O c5 8. c4
cxd4 9. cxd5 Nxd5 10. Nxd4 Bg6 11. Nc4 a6 12. f4 Bc5 13. Kh1 O-O 14. f5 exf5
15. Nb3 Nc7 16. Bf3 Rb8 17. Nxc5 Nxc5 18. Be3 Ne4 19. Bb6 Qe7 20. Nd6 Nb5 21.
Qd5 Nc7 22. Qd3 Nb5 23. Nxb5 axb5 24. Qxb5 Nd2 25. Rf2 Nxf3 26. Rxf3 Rbc8 27.
Re1 Rfe8 28. a4 Qe6 29. Rc3 f6 30. a5 Rxc3 31. bxc3 Bf7 32. Bd4 Qd5 1/2-1/2

[Event "MCR_SF_03"]
[Site "?"]
[Date "2005.??.??"]
[Round "?"]
[White "Hladecek, Miloslav"]
[Black "Kuchta, Jiri"]
[Result "1-0"]
[WhiteElo "2306"]
[BlackElo "2284"]
[PlyCount "73"]
[EventDate "2005.??.??"]
[EventType "corr"]
[EventRounds "2"]
[SourceDate "2005.10.20"]

1. e4 c6 2. d4 d5 3. e5 Bf5 4. Nf3 e6 5. Nbd2 Nd7 6. Be2 c5 7. c3 Ne7 8. dxc5
Nc6 9. Nd4 Bg6 10. Nxc6 bxc6 11. b4 Nxe5 12. Nb3 Be7 13. Bf4 Nd7 14. O-O Bf6
15. Nd4 Qc8 16. Bd6 Be5 17. Bxe5 Nxe5 18. f4 Nd7 19. Qa4 Nb8 20. c4 dxc4 21.
Bxc4 O-O 22. Rf2 Qc7 23. Raf1 Rd8 24. Nxe6 fxe6 25. f5 Nd7 26. fxg6 Nf8 27.
gxh7+ Kh8 28. Qa6 Qd7 29. Bb3 Nxh7 30. Qe2 Qd4 31. Bc2 Rd5 32. Qxe6 Rf8 33. Qg6
Nf6 34. g4 Re5 35. Rd1 Qe3 36. Rd3 Qh6 37. Qxh6+ 1-0

[Event "MCR_SF_03"]
[Site "?"]
[Date "2005.??.??"]
[Round "?"]
[White "Styblo, Pavel"]
[Black "Batka, Josef"]
[Result "1/2-1/2"]
[WhiteElo "2305"]
[BlackElo "2251"]
[PlyCount "69"]
[EventDate "2005.??.??"]
[EventType "corr"]
[EventRounds "2"]
[SourceDate "2005.10.20"]

1. e4 c5 2. Nf3 Nc6 3. d4 cxd4 4. Nxd4 e5 5. Nb5 d6 6. c4 Be6 7. Bd3 Be7 8. O-O
Nf6 9. N1c3 a6 10. Na3 O-O 11. Nc2 Nd7 12. Be2 Rc8 13. b3 a5 14. Rb1 Nc5 15. a3
f5 16. exf5 Bxf5 17. Bg4 Qd7 18. Bxf5 Qxf5 19. Ne3 Qg6 20. Ned5 Bh4 21. Be3 Rf7
22. Rb2 Rcf8 23. h3 Nd3 24. Rd2 Nc5 25. b4 Ne4 26. Nxe4 Qxe4 27. Qe2 axb4 28.
axb4 Qg6 29. b5 Ne7 30. Qg4 Qxg4 31. hxg4 Nxd5 32. Rxd5 Be7 33. Rc1 Rc8 34. Kf1
Bf8 35. Ke2 1/2-1/2

[Event "MCR_SF_03"]
[Site "?"]
[Date "2005.??.??"]
[Round "?"]
[White "Batka, Josef"]
[Black "Styblo, Pavel"]
[Result "1/2-1/2"]
[WhiteElo "2251"]
[BlackElo "2305"]
[PlyCount "73"]
[EventDate "2005.??.??"]
[EventType "corr"]
[EventRounds "2"]
[SourceDate "2005.10.20"]

1. e4 e5 2. Nc3 Nf6 3. Bc4 Nxe4 4. Qh5 Nd6 5. Bb3 Be7 6. Nf3 Nc6 7. Nxe5 g6 8.
Nxc6 dxc6 9. Qd1 O-O 10. O-O Bf6 11. d3 a5 12. a3 Re8 13. Be3 Be6 14. Bxe6 Rxe6
15. Qd2 Qe7 16. Rae1 Re8 17. Qc1 Bd4 18. Bd2 Be5 19. g3 Qf6 20. Nd1 a4 21. Bc3
Bxc3 22. Nxc3 Nb5 23. Nxb5 cxb5 24. Re3 c5 25. Rfe1 Rxe3 26. Rxe3 Rxe3 27. fxe3
b4 28. c3 bxc3 29. bxc3 h5 30. d4 h4 31. gxh4 Qxh4 32. Kg2 Qe4+ 33. Kf2 Qf5+
34. Kg3 Qe6 35. dxc5 Qe5+ 36. Kg2 Qxc5 37. Kf2 1/2-1/2

[Event "MCR_SF_03"]
[Site "?"]
[Date "2005.??.??"]
[Round "?"]
[White "Nedoma, Petr"]
[Black "Batka, Josef"]
[Result "1-0"]
[WhiteElo "2284"]
[BlackElo "2251"]
[PlyCount "69"]
[EventDate "2005.??.??"]
[EventType "corr"]
[EventRounds "2"]
[SourceDate "2005.10.20"]

1. d4 Nf6 2. Bg5 c5 3. d5 Qb6 4. Nc3 Qxb2 5. Bd2 Qb6 6. e4 d6 7. f4 e6 8. Bb5+
Bd7 9. dxe6 fxe6 10. Bc4 Nc6 11. Nf3 Be7 12. Rb1 Qc7 13. O-O O-O 14. Ng5 Qc8
15. f5 d5 16. exd5 Ne5 17. d6 Nxc4 18. dxe7 Re8 19. Bf4 h6 20. Qe2 hxg5 21.
Bxg5 Rxe7 22. Qxc4 Qc6 23. Bxf6 gxf6 24. Rf4 Rf8 25. Rg4+ Kh8 26. Rh4+ Kg8 27.
Rd1 b5 28. Qg4+ Rg7 29. Qh3 Kf7 30. Rh7 Rfg8 31. Qh5+ Kf8 32. Rxg7 Rxg7 33.
Qh8+ Kf7 34. Ne4 Rxg2+ 35. Kf1 1-0

[Event "MCR_SF_03"]
[Site "?"]
[Date "2005.??.??"]
[Round "?"]
[White "Leiner, Raimund"]
[Black "Kuchta, Jiri"]
[Result "1/2-1/2"]
[WhiteElo "2312"]
[BlackElo "2284"]
[PlyCount "99"]
[EventDate "2005.??.??"]
[EventType "corr"]
[EventRounds "2"]
[SourceDate "2005.10.20"]

1. e4 c6 2. d4 d5 3. exd5 cxd5 4. Bd3 Nc6 5. c3 Nf6 6. Bf4 Bg4 7. Qb3 Qd7 8.
Nd2 e6 9. Ngf3 Bd6 10. Bxd6 Qxd6 11. O-O O-O 12. Rfe1 Bxf3 13. Nxf3 Qc7 14. Qd1
Na5 15. Rc1 a6 16. Ne5 b5 17. b3 Nc6 18. Qe2 Rfc8 19. Rc2 Ra7 20. Rec1 Qb6 21.
f4 Rac7 22. Qe3 Ne7 23. h3 Nf5 24. Bxf5 exf5 25. c4 Ne4 26. Qd3 f6 27. Nf3 bxc4
28. bxc4 Rc6 29. Qb3 Qxb3 30. axb3 g6 31. c5 Re8 32. Kh2 Kf7 33. Ra1 h5 34. b4
Rb8 35. Ra4 Rbc8 36. Nh4 Kg7 37. Ra3 Rb8 38. Rb2 Re6 39. Rab3 Re7 40. Nf3 Reb7
41. Ne1 Rb5 42. h4 a5 43. Nd3 Kf7 44. Kg1 Ke6 45. Kf1 Kd7 46. Ke1 R5b7 47. Kf1
Rb5 48. Ke2 R5b7 49. Kf3 Ke6 50. Ra3 1/2-1/2

[Event "MCR_SF_03"]
[Site "?"]
[Date "2005.??.??"]
[Round "?"]
[White "Dedina, Miroslav"]
[Black "Storkan, Zdenek"]
[Result "0-1"]
[WhiteElo "2308"]
[BlackElo "2224"]
[PlyCount "28"]
[EventDate "2005.??.??"]
[EventType "corr"]
[EventRounds "2"]
[SourceDate "2005.10.20"]

1. e4 c6 2. d4 d5 3. exd5 cxd5 4. c4 Nf6 5. Nc3 g6 6. Qb3 Nbd7 7. c5 Bg7 8. Nf3
O-O 9. Bf4 Ne4 10. Nxd5 e5 11. Nxe5 Nxe5 12. dxe5 Nxc5 13. Qc4 Nd7 14. Qc7 Nxe5
0-1

[Event "MCR_SF_03"]
[Site "?"]
[Date "2005.??.??"]
[Round "?"]
[White "Storkan, Zdenek"]
[Black "Batka, Josef"]
[Result "1-0"]
[WhiteElo "2224"]
[BlackElo "2251"]
[PlyCount "63"]
[EventDate "2005.??.??"]
[EventType "corr"]
[EventRounds "2"]
[SourceDate "2005.10.20"]

1. d4 Nf6 2. c4 c5 3. d5 e6 4. Nc3 exd5 5. cxd5 d6 6. e4 g6 7. f4 Bg7 8. Bb5+
Nfd7 9. a4 O-O 10. Nf3 Na6 11. O-O Nc7 12. Bc4 Re8 13. e5 Nb6 14. Ba2 Bg4 15.
h3 Bxf3 16. Qxf3 Qd7 17. Ne4 dxe5 18. d6 Ne6 19. a5 Nd4 20. Qd1 Qc6 21. f5 Nd5
22. fxg6 hxg6 23. Bc4 Nf4 24. Bxf4 exf4 25. Ng5 Rf8 26. Rxf4 Qxd6 27. Qg4 Nf5
28. Rd1 Qc6 29. Rxf5 gxf5 30. Qxf5 Qh6 31. Nxf7 Qh4 32. b3 1-0

[Event "MCR_SF_03"]
[Site "?"]
[Date "2005.??.??"]
[Round "?"]
[White "Storkan, Zdenek"]
[Black "Styblo, Pavel"]
[Result "1/2-1/2"]
[WhiteElo "2224"]
[BlackElo "2305"]
[PlyCount "76"]
[EventDate "2005.??.??"]
[EventType "corr"]
[EventRounds "2"]
[SourceDate "2005.10.20"]

1. d4 Nf6 2. c4 g6 3. Nc3 Bg7 4. e4 d6 5. Be3 O-O 6. f3 c5 7. Nge2 Nc6 8. Qd2
b6 9. d5 Ne5 10. Ng3 h5 11. Be2 h4 12. Nf1 a6 13. h3 b5 14. cxb5 axb5 15. Nxb5
Ba6 16. Bf2 e6 17. dxe6 fxe6 18. Bxh4 d5 19. a4 c4 20. Rd1 Nxe4 21. Bxd8 Nxd2
22. Be7 Rf7 23. Ba3 Bxb5 24. axb5 Nb3 25. Ne3 Rc8 26. b6 Rb8 27. h4 Rxb6 28. h5
Kh7 29. hxg6+ Kxg6 30. Rh3 Rf4 31. g4 Kf7 32. Ng2 Ng6 33. Nxf4 Nxf4 34. Rh2 Nd4
35. Bc5 Nc2+ 36. Kf1 Rxb2 37. Bxc4 Be5 38. Ba6 Ne3+ 1/2-1/2

[Event "MCR_SF_03"]
[Site "?"]
[Date "2005.??.??"]
[Round "?"]
[White "Styblo, Pavel"]
[Black "Storkan, Zdenek"]
[Result "1/2-1/2"]
[WhiteElo "2305"]
[BlackElo "2224"]
[PlyCount "75"]
[EventDate "2005.??.??"]
[EventType "corr"]
[EventRounds "2"]
[SourceDate "2005.10.20"]

1. e4 c6 2. d4 d5 3. Nd2 dxe4 4. Nxe4 Nd7 5. Nf3 Ngf6 6. Ng3 e6 7. Bd3 Qa5+ 8.
Bd2 Qb6 9. Qe2 Qxb2 10. O-O Qa3 11. Rfb1 Nd5 12. Nf5 Nc3 13. Bxc3 Qxc3 14. Ng5
h6 15. Ne4 Qa5 16. c4 Qc7 17. c5 Nf6 18. Ned6+ Bxd6 19. Nxd6+ Ke7 20. Qe5 Rd8
21. Nxf7 Qxe5 22. Nxe5 a5 23. Nf3 g5 24. h3 h5 25. Re1 g4 26. Ng5 Rxd4 27. Bf5
Rd5 28. Bxe6 Bxe6 29. Nxe6 Kd7 30. Rab1 Rb8 31. Rb2 gxh3 32. gxh3 Rf5 33. Rb3
Nd5 34. Ng7 Rg5+ 35. Rg3 Nf4 36. Rxg5 Nxh3+ 37. Kg2 Nxg5 38. f4 1/2-1/2

[Event "MCR_SF_03"]
[Site "?"]
[Date "2005.??.??"]
[Round "?"]
[White "Storkan, Zdenek"]
[Black "Nedoma, Petr"]
[Result "1/2-1/2"]
[WhiteElo "2224"]
[BlackElo "2284"]
[PlyCount "67"]
[EventDate "2005.??.??"]
[EventType "corr"]
[EventRounds "2"]
[SourceDate "2005.10.20"]

1. d4 Nf6 2. c4 e6 3. Nc3 Bb4 4. Nf3 d6 5. Qc2 O-O 6. g3 b6 7. Bg2 Bb7 8. O-O
Nbd7 9. Bf4 Bxc3 10. Qxc3 c5 11. dxc5 e5 12. Bc1 Nxc5 13. b4 Ne6 14. Bb2 Qc7
15. Rac1 a5 16. a3 Rfc8 17. Rfd1 axb4 18. axb4 Ra4 19. Qb3 Rca8 20. Ra1 b5 21.
cxb5 Rxa1 22. Bxa1 Bd5 23. Qe3 Qc4 24. Qd3 Qxb4 25. Rb1 Qc5 26. Qc3 Qa7 27. Nd2
Bxg2 28. Kxg2 Nc5 29. Nc4 Nce4 30. Qe3 Qa4 31. Rc1 Qxb5 32. f3 h6 33. fxe4 Rxa1
34. Rxa1 1/2-1/2

[Event "MCR_SF_03"]
[Site "?"]
[Date "2005.??.??"]
[Round "?"]
[White "Leiner, Raimund"]
[Black "Batka, Josef"]
[Result "1/2-1/2"]
[WhiteElo "2312"]
[BlackElo "2251"]
[PlyCount "90"]
[EventDate "2005.??.??"]
[EventType "corr"]
[EventRounds "2"]
[SourceDate "2005.10.20"]

1. e4 c5 2. Nf3 Nc6 3. d4 cxd4 4. Nxd4 e5 5. Nf3 Nf6 6. Bc4 Bc5 7. O-O d6 8.
Nc3 O-O 9. Bg5 h6 10. Bxf6 Qxf6 11. Nd5 Qg6 12. Qd3 Be6 13. c3 a5 14. Rae1 Kh7
15. a4 Rac8 16. Kh1 Qh5 17. Nd2 Qg5 18. Rd1 Rcd8 19. Qe2 Qg4 20. Qxg4 Bxg4 21.
f3 Bc8 22. g4 g6 23. Kg2 Kg7 24. Nc7 Ne7 25. Nb3 Bb6 26. Na8 Ba7 27. Nxa5 b6
28. Nb3 Bd7 29. Nc7 Rc8 30. Nd5 Rxc4 31. Nxe7 Re8 32. Nd5 Rxa4 33. Ra1 b5 34.
Nd2 Rb8 35. b3 Rxa1 36. Rxa1 Rb7 37. h4 Be6 38. g5 b4 39. cxb4 Bb8 40. Ra5 Bxd5
41. Rxd5 Rxb4 42. Rd3 f5 43. gxf6+ Kxf6 44. Nc4 Ke6 45. Kg3 h5 1/2-1/2